000 01088cam a22003134a 4500
001 15620189
003 OSt
005 20230825133716.0
008 090211s2009 enka b 001 0 eng
010 _a 2009922770
015 _aGBA920658
_2bnb
016 7 _a9781848443334 (hbk.)
020 _a1848443331 (hbk.)
035 _a(OCoLC)ocn298182557
040 _aUKM
_cUKM
_dBTCTA
_dYDXCP
_dBWK
_dNLGGC
_dBWX
_dOCLCQ
_dCDX
_dDLC
042 _aukblcatcopy
_alccopycat
050 0 0 _aHD57.7
_b.S33 2009
082 0 4 _a658.4092
_bSCH/E
084 _a85.08
_2bcl
100 1 _aScheer, Silke
_99353
245 1 4 _aThe entrepreneur as business leader :
_bcognitive leadership in the firm /
_cSilke Scheer.
260 _aCheltenham, UK ;
_aNorthampton, MA :
_bEdward Elgar,
_cc2009.
300 _aix, 171 p. :
_bill. ;
_c25 cm.
504 _aIncludes bibliographical references (p. 145-165) and index.
650 0 _aLeadership.
650 0 _aExecutive ability.
906 _a7
_bcbc
_ccopycat
_d2
_encip
_f20
_gy-gencatlg
942 _2ddc
_cBK
_h658.4092
_iSCH/E
_k658.4092
_mSCH/E
999 _c41979
_d41979